Podaj szefa zespołu F1 - Statystyki

Ogólne statystyki
  • Ten quiz został rozwiązany 27 razy
  • Średni wynik to 6 z 12
Statystyki odpowiedzi
Zespół i Rok Szef zespołu % Poprawnych
Red Bull 2021 Christian Horner
100%
McLaren 2019 Zak Brown
83%
Haas 2020 Günther Steiner
75%
Ferrari 2022 Mattia Binotto
75%
Ferrari 2023 Frederic Vasseur
58%
Williams 2024 James Vowles
46%
Alpine 2022 Otmar Szafnauer
46%
Renault 2020 Cyril Abiteboul
42%
Haas 2024 Ayao Komatsu
33%
McLaren 1991 Ron Dennis
29%
Alpine 2024 Bruno Famin
21%
Minardi 1995 Giancarlo Minardi
8%
Nie znaleziono quizów pasujących do podanych kryteriów
Rozkład punktacji
Procent ludzi z każdym wynikiem
Percentyl według liczby udzielonych odpowiedzi
Twoja historia wyników
Nie rozwiązałeś tego quizu